[Event "DVM U10 2015"]
[Site "Magdeburg GER"]
[Date "2015.12.28"]
[Round "5"]
[White "Lox, Nils Norman"]
[Black "Zeuner, Ole"]
[Result "1/2-1/2"]
[Termination "normal"]
[Board "2.1"]
[WhiteElo "1131"]
[BlackElo "1559"]
[WhiteClock "00:08:18"]
[BlackClock "00:04:18"]
[WhiteTeam "SC Eintracht Berlin"]
[BlackTeam "Schachzwerge Magdeburg 1"]
[PlyCount "84"]
[WhiteFideId "16221389"]
[BlackFideId "12943576"]
[EventCountry "GER"]
[EventRounds "7"]
[EventType "team-swiss"]
[EventDate "2015.12.27"]

1. d4 {[%clk 0:59:58]} Nf6 {[%clk 0:59:55]} 2. Nf3 {[%clk 0:59:54]} c5 {[%clk
0:59:43]} 3. dxc5 {[%clk 0:59:30]} e6 {[%clk 0:58:31]} 4. e3 {[%clk 0:59:06]}
Bxc5 {[%clk 0:58:08]} 5. Bd3 {[%clk 0:58:41]} O-O {[%clk 0:57:08]} 6. Nbd2
{[%clk 0:58:01]} d5 {[%clk 0:56:13]} 7. c3 {[%clk 0:57:18]} Nc6 {[%clk
0:55:11]} 8. O-O {[%clk 0:56:19]} b6 {[%clk 0:53:22]} 9. Qe2 {[%clk 0:54:52]}
Bb7 {[%clk 0:52:24]} 10. e4 {[%clk 0:53:13]} Qc7 {[%clk 0:48:08]} 11. Re1
{[%clk 0:49:37]} Rfd8 {[%clk 0:46:59]} 12. h3 {[%clk 0:44:37]} d4 {[%clk
0:37:29]} 13. cxd4 {[%clk 0:41:01]} Nxd4 {[%clk 0:36:08]} 14. Nxd4 {[%clk
0:40:24]} Bxd4 {[%clk 0:35:43]} 15. Nb3 {[%clk 0:36:13]} e5 {[%clk 0:32:17]}
16. Bg5 {[%clk 0:33:05]} Qe7 {[%clk 0:28:00]} 17. Nxd4 {[%clk 0:31:59]} Rxd4
{[%clk 0:27:39]} 18. f3 {[%clk 0:30:43]} Qd6 {[%clk 0:26:20]} 19. Bc2 {[%clk
0:27:17]} h6 {[%clk 0:23:15]} 20. Be3 {[%clk 0:26:37]} Rb4 {[%clk 0:22:32]} 21.
Rab1 {[%clk 0:24:39]} Bc6 {[%clk 0:20:07]} 22. a3 {[%clk 0:22:59]} Bb5 {[%clk
0:19:02]} 23. Qd1 {[%clk 0:20:57]} Qxd1 {[%clk 0:18:26]} 24. Rexd1 {[%clk
0:20:45]} Rc4 {[%clk 0:16:58]} 25. Bd3 {[%clk 0:20:41]} Rac8 {[%clk 0:15:04]}
26. Bxc4 {[%clk 0:19:59]} Rxc4 {[%clk 0:14:30]} 27. Rbc1 {[%clk 0:19:30]} Kh7
{[%clk 0:12:28]} 28. Rxc4 {[%clk 0:18:41]} Bxc4 {[%clk 0:12:20]} 29. Rc1 {[%clk
0:18:36]} b5 {[%clk 0:10:40]} 30. Bxa7 {[%clk 0:18:28]} Kg6 {[%clk 0:10:09]}
31. Kf2 {[%clk 0:17:24]} Nh5 {[%clk 0:09:36]} 32. g3 {[%clk 0:16:52]} Nf6
{[%clk 0:09:02]} 33. Bb8 {[%clk 0:15:56]} Nd7 {[%clk 0:08:34]} 34. Bc7 {[%clk
0:15:38]} Nc5 {[%clk 0:07:55]} 35. Rc2 {[%clk 0:14:29]} Nd3+ {[%clk 0:06:35]}
36. Ke3 {[%clk 0:13:41]} Ne1 {[%clk 0:06:13]} 37. Rd2 {[%clk 0:12:50]} f6
{[%clk 0:05:38]} 38. Ba5 {[%clk 0:11:26]} Bb3 {[%clk 0:04:52]} 39. Rd6 {[%clk
0:09:59]} Nc2+ {[%clk 0:04:22]} 40. Kd3 {[%clk 0:09:30]} Nd4 {[%clk 0:04:21]}
41. Ke3 {[%clk 0:08:32]} Nc2+ {[%clk 0:04:20]} 42. Kd3 {[%clk 0:08:18]} Nd4
{[%clk 0:04:18]} 1/2-1/2

[Event "DVM U10 2015"]
[Site "Magdeburg GER"]
[Date "2015.12.28"]
[Round "5"]
[White "Morgenstern, Tobias"]
[Black "Raasch, Hauke"]
[Result "1-0"]
[Termination "normal"]
[Board "2.2"]
[WhiteElo "1342"]
[BlackElo "1171"]
[WhiteClock "00:20:50"]
[BlackClock "00:41:34"]
[WhiteTeam "Schachzwerge Magdeburg 1"]
[BlackTeam "SC Eintracht Berlin"]
[PlyCount "79"]
[WhiteFideId "12974390"]
[BlackFideId "16210034"]
[EventCountry "GER"]
[EventRounds "7"]
[EventType "team-swiss"]
[EventDate "2015.12.27"]

1. e4 {[%clk 0:59:58]} d5 {[%clk 0:59:37]} 2. exd5 {[%clk 0:59:42]} Qxd5 {[%clk
0:59:26]} 3. Nc3 {[%clk 0:59:32]} Qa5 {[%clk 0:59:16]} 4. d4 {[%clk 0:59:15]}
c6 {[%clk 0:59:09]} 5. Nf3 {[%clk 0:58:55]} Qc7 {[%clk 0:59:00]} 6. Bc4 {[%clk
0:58:09]} Bg4 {[%clk 0:58:41]} 7. Bxf7+ {[%clk 0:55:32]} Kxf7 {[%clk 0:57:39]}
8. Ne5+ {[%clk 0:55:04]} Ke8 {[%clk 0:57:17]} 9. Qxg4 {[%clk 0:54:50]} Nf6
{[%clk 0:56:49]} 10. Qe2 {[%clk 0:53:38]} Nbd7 {[%clk 0:56:29]} 11. Bf4 {[%clk
0:52:22]} Qb6 {[%clk 0:55:11]} 12. O-O-O {[%clk 0:51:18]} Nxe5 {[%clk 0:54:02]}
13. Bxe5 {[%clk 0:50:30]} Nd5 {[%clk 0:53:25]} 14. Nxd5 {[%clk 0:48:24]} cxd5
{[%clk 0:53:16]} 15. Qh5+ {[%clk 0:46:50]} g6 {[%clk 0:52:23]} 16. Qh3 {[%clk
0:45:32]} Rg8 {[%clk 0:51:16]} 17. Qxh7 {[%clk 0:44:40]} Qe6 {[%clk 0:50:39]}
18. Rhe1 {[%clk 0:43:32]} Qf7 {[%clk 0:50:11]} 19. Qxf7+ {[%clk 0:43:19]} Kxf7
{[%clk 0:49:55]} 20. Kb1 {[%clk 0:42:38]} e6 {[%clk 0:49:29]} 21. a3 {[%clk
0:40:33]} b5 {[%clk 0:48:24]} 22. Re3 {[%clk 0:39:47]} Ke7 {[%clk 0:48:10]} 23.
Rh3 {[%clk 0:38:51]} Ke8 {[%clk 0:47:49]} 24. Rh7 {[%clk 0:38:06]} a5 {[%clk
0:47:24]} 25. Re1 {[%clk 0:37:45]} b4 {[%clk 0:47:08]} 26. Bf6 {[%clk 0:37:01]}
Ra6 {[%clk 0:46:49]} 27. a4 {[%clk 0:35:51]} Rc6 {[%clk 0:46:04]} 28. b3 {[%clk
0:35:14]} g5 {[%clk 0:45:29]} 29. Re5 {[%clk 0:31:34]} g4 {[%clk 0:45:05]} 30.
Bh4 {[%clk 0:29:30]} Bg7 {[%clk 0:44:31]} 31. Rg5 {[%clk 0:27:53]} Rc7 {[%clk
0:44:05]} 32. Rxg4 {[%clk 0:27:29]} Kf8 {[%clk 0:43:34]} 33. Bf6 {[%clk
0:24:59]} Bxf6 {[%clk 0:42:49]} 34. Rxg8+ {[%clk 0:24:46]} Kxg8 {[%clk
0:42:41]} 35. Rxc7 {[%clk 0:24:37]} Bxd4 {[%clk 0:42:35]} 36. f3 {[%clk
0:23:11]} Be5 {[%clk 0:42:20]} 37. Re7 {[%clk 0:22:37]} Bxh2 {[%clk 0:42:07]}
38. Rxe6 {[%clk 0:22:21]} d4 {[%clk 0:41:47]} 39. Re4 {[%clk 0:21:35]} Bg1
{[%clk 0:41:34]} 40. Re5 {[%clk 0:20:50]} 1-0

[Event "DVM U10 2015"]
[Site "Magdeburg GER"]
[Date "2015.12.28"]
[Round "5"]
[White "Gräbnitz, Marc-Florian"]
[Black "Joppich, Til"]
[Result "0-1"]
[Termination "normal"]
[Board "2.3"]
[WhiteElo "1153"]
[BlackElo "1515"]
[WhiteClock "00:29:06"]
[BlackClock "00:09:39"]
[WhiteTeam "SC Eintracht Berlin"]
[BlackTeam "Schachzwerge Magdeburg 1"]
[PlyCount "140"]
[WhiteFideId "16226992"]
[BlackFideId "16232917"]
[EventCountry "GER"]
[EventRounds "7"]
[EventType "team-swiss"]
[EventDate "2015.12.27"]

1. e4 {[%clk 0:59:59]} e5 {[%clk 0:59:45]} 2. Nf3 {[%clk 0:59:51]} Nc6 {[%clk
0:59:38]} 3. d3 {[%clk 0:59:41]} Nf6 {[%clk 0:58:22]} 4. Be3 {[%clk 0:59:21]}
Be7 {[%clk 0:56:31]} 5. Be2 {[%clk 0:59:03]} d5 {[%clk 0:54:16]} 6. exd5 {[%clk
0:58:52]} Nxd5 {[%clk 0:54:08]} 7. Qd2 {[%clk 0:58:42]} Nxe3 {[%clk 0:50:53]}
8. fxe3 {[%clk 0:58:25]} Bg4 {[%clk 0:48:22]} 9. O-O {[%clk 0:57:58]} O-O
{[%clk 0:46:57]} 10. e4 {[%clk 0:57:11]} Bxf3 {[%clk 0:41:09]} 11. Bxf3 {[%clk
0:57:02]} Qd4+ {[%clk 0:40:45]} 12. Kh1 {[%clk 0:56:45]} Qxb2 {[%clk 0:40:09]}
13. Qc3 {[%clk 0:56:31]} Qxc3 {[%clk 0:39:51]} 14. Nxc3 {[%clk 0:56:20]} Nd4
{[%clk 0:39:04]} 15. Nd5 {[%clk 0:55:24]} Bd6 {[%clk 0:38:41]} 16. c3 {[%clk
0:54:56]} Nxf3 {[%clk 0:37:06]} 17. Rxf3 {[%clk 0:54:48]} c6 {[%clk 0:36:45]}
18. Ne3 {[%clk 0:54:40]} Rad8 {[%clk 0:35:33]} 19. Rg3 {[%clk 0:53:42]} Kh8
{[%clk 0:31:51]} 20. Rf1 {[%clk 0:53:13]} Be7 {[%clk 0:30:05]} 21. Ng4 {[%clk
0:52:17]} f6 {[%clk 0:28:35]} 22. Rh3 {[%clk 0:52:08]} Ba3 {[%clk 0:26:13]} 23.
Rff3 {[%clk 0:51:44]} Bc1 {[%clk 0:24:50]} 24. Rh5 {[%clk 0:51:20]} g6 {[%clk
0:23:18]} 25. Rhh3 {[%clk 0:51:01]} f5 {[%clk 0:22:43]} 26. exf5 {[%clk
0:50:51]} Rxf5 {[%clk 0:22:36]} 27. Rxf5 {[%clk 0:50:06]} gxf5 {[%clk 0:22:31]}
28. Nxe5 {[%clk 0:49:57]} Re8 {[%clk 0:21:50]} 29. d4 {[%clk 0:48:20]} c5
{[%clk 0:20:33]} 30. Nd3 {[%clk 0:47:09]} c4 {[%clk 0:20:11]} 31. Ne5 {[%clk
0:46:21]} Bf4 {[%clk 0:19:48]} 32. Nf3 {[%clk 0:45:10]} Re3 {[%clk 0:19:17]}
33. Ng1 {[%clk 0:44:52]} Re1 {[%clk 0:18:26]} 34. g3 {[%clk 0:42:56]} Be3
{[%clk 0:18:16]} 35. Kg2 {[%clk 0:42:24]} Bxg1 {[%clk 0:17:58]} 36. Rh5 {[%clk
0:42:03]} Be3 {[%clk 0:17:10]} 37. Rxf5 {[%clk 0:41:51]} Rg1+ {[%clk 0:16:53]}
38. Kf3 {[%clk 0:41:40]} Rf1+ {[%clk 0:16:43]} 39. Ke4 {[%clk 0:41:32]} Rxf5
{[%clk 0:16:35]} 40. Kxf5 {[%clk 0:41:15]} Bd2 {[%clk 0:16:24]} 41. d5 {[%clk
0:41:09]} Bxc3 42. d6 Ba5 {[%clk 0:15:57]} 43. Ke4 {[%clk 0:41:03]} c3 {[%clk
0:15:43]} 44. Kd3 {[%clk 0:40:47]} Kg7 {[%clk 0:15:34]} 45. d7 {[%clk 0:40:41]}
Kf6 {[%clk 0:15:10]} 46. d8=R Bxd8 47. Kxc3 {[%clk 0:39:40]} Bb6 {[%clk
0:15:03]} 48. a4 {[%clk 0:39:12]} Bg1 {[%clk 0:14:57]} 49. h3 {[%clk 0:39:01]}
Kf5 {[%clk 0:14:50]} 50. Kd3 {[%clk 0:38:54]} Bh2 {[%clk 0:14:39]} 51. g4+
{[%clk 0:38:25]} Kg5 {[%clk 0:14:34]} 52. Ke4 {[%clk 0:38:18]} Kh4 {[%clk
0:14:24]} 53. Kf5 {[%clk 0:36:00]} Kxh3 {[%clk 0:14:06]} 54. g5 {[%clk
0:35:37]} Kh4 {[%clk 0:13:52]} 55. g6 {[%clk 0:35:21]} hxg6+ {[%clk 0:13:44]}
56. Kxg6 {[%clk 0:35:14]} a6 {[%clk 0:13:40]} 57. Kf5 {[%clk 0:35:07]} Kg3
{[%clk 0:12:57]} 58. Ke5 {[%clk 0:34:56]} b5 {[%clk 0:12:48]} 59. axb5 {[%clk
0:34:09]} axb5 {[%clk 0:12:44]} 60. Kd5 {[%clk 0:33:57]} Bg1 {[%clk 0:12:23]}
61. Ke4 {[%clk 0:33:25]} b4 {[%clk 0:12:04]} 62. Kd3 {[%clk 0:32:39]} Bc5
{[%clk 0:11:54]} 63. Kc4 {[%clk 0:32:27]} Kf3 {[%clk 0:11:34]} 64. Kb3 {[%clk
0:32:11]} Ke3 {[%clk 0:11:27]} 65. Kc2 {[%clk 0:31:15]} Ke2 {[%clk 0:11:10]}
66. Kc1 {[%clk 0:30:34]} Kd3 {[%clk 0:10:54]} 67. Kb2 {[%clk 0:30:10]} Kc4
{[%clk 0:10:30]} 68. Kc2 {[%clk 0:29:55]} Bd4 {[%clk 0:10:12]} 69. Kb1 {[%clk
0:29:47]} Kb3 {[%clk 0:09:42]} 70. Kc1 {[%clk 0:29:06]} Ka2 {[%clk 0:09:39]}
0-1

[Event "DVM U10 2015"]
[Site "Magdeburg GER"]
[Date "2015.12.28"]
[Round "5"]
[White "Heutling, Elina"]
[Black "Lieger, Lucas"]
[Result "1-0"]
[Termination "normal"]
[Board "2.4"]
[WhiteElo "1232"]
[BlackElo "1239"]
[WhiteClock "00:03:18"]
[BlackClock "00:13:32"]
[WhiteTeam "Schachzwerge Magdeburg 1"]
[BlackTeam "SC Eintracht Berlin"]
[PlyCount "99"]
[WhiteFideId "16244729"]
[BlackFideId "16210026"]
[EventCountry "GER"]
[EventRounds "7"]
[EventType "team-swiss"]
[EventDate "2015.12.27"]

1. e4 {[%clk 0:59:59]} d5 {[%clk 0:59:54]} 2. exd5 {[%clk 0:59:58]} Qxd5 {[%clk
0:59:44]} 3. Nc3 {[%clk 0:59:54]} Qa5 {[%clk 0:59:39]} 4. d4 {[%clk 0:59:48]}
c6 {[%clk 0:59:35]} 5. Nf3 {[%clk 0:58:25]} Bf5 {[%clk 0:58:38]} 6. Bc4 {[%clk
0:56:53]} Qc7 {[%clk 0:57:50]} 7. Be3 {[%clk 0:54:19]} e6 {[%clk 0:56:59]} 8.
Qd2 {[%clk 0:52:10]} Bd6 {[%clk 0:56:34]} 9. O-O-O {[%clk 0:48:20]} Nd7 {[%clk
0:54:00]} 10. h3 {[%clk 0:43:19]} Bg6 {[%clk 0:52:37]} 11. Rhe1 {[%clk
0:42:11]} Ngf6 {[%clk 0:52:09]} 12. Bg5 {[%clk 0:37:28]} Bb4 {[%clk 0:46:11]}
13. Bf4 {[%clk 0:30:53]} Qa5 {[%clk 0:43:37]} 14. Bd3 {[%clk 0:23:11]} Bxd3
{[%clk 0:41:39]} 15. Qxd3 {[%clk 0:23:08]} Bxc3 {[%clk 0:40:55]} 16. Qxc3
{[%clk 0:22:22]} Qxa2 {[%clk 0:39:53]} 17. Qb4 {[%clk 0:19:20]} b5 {[%clk
0:34:54]} 18. Qc3 {[%clk 0:15:40]} Nd5 {[%clk 0:34:23]} 19. Qxc6 {[%clk
0:14:51]} Qa1+ {[%clk 0:32:20]} 20. Kd2 {[%clk 0:14:47]} Qa5+ {[%clk 0:32:02]}
21. c3 {[%clk 0:14:14]} Rd8 {[%clk 0:30:24]} 22. Qxd5 {[%clk 0:13:22]} Nb6
{[%clk 0:27:32]} 23. Qc6+ {[%clk 0:10:36]} Rd7 {[%clk 0:27:05]} 24. Kc2 {[%clk
0:07:25]} Qa4+ {[%clk 0:25:45]} 25. Kd3 {[%clk 0:07:03]} O-O {[%clk 0:23:07]}
26. Qe4 {[%clk 0:04:49]} Qc4+ {[%clk 0:22:32]} 27. Kc2 {[%clk 0:04:44]} Qa4+
{[%clk 0:22:20]} 28. Kd2 {[%clk 0:04:24]} Nc4+ {[%clk 0:22:09]} 29. Kc1 {[%clk
0:04:02]} Qa1+ {[%clk 0:21:37]} 30. Qb1 {[%clk 0:03:56]} Qxb1+ {[%clk 0:21:02]}
31. Kxb1 {[%clk 0:03:55]} a5 {[%clk 0:20:25]} 32. b3 {[%clk 0:03:54]} Na3+
{[%clk 0:20:17]} 33. Kb2 {[%clk 0:03:53]} b4 {[%clk 0:19:52]} 34. cxb4 {[%clk
0:03:52]} axb4 {[%clk 0:19:30]} 35. Re5 {[%clk 0:03:49]} Rc7 {[%clk 0:18:37]}
36. Rc5 {[%clk 0:03:47]} Rxc5 {[%clk 0:18:00]} 37. dxc5 {[%clk 0:03:46]} h6
{[%clk 0:17:36]} 38. Rd4 {[%clk 0:03:45]} Rb8 {[%clk 0:16:41]} 39. Bxb8 {[%clk
0:03:43]} Kh7 {[%clk 0:16:10]} 40. Rxb4 {[%clk 0:03:42]} Kh8 {[%clk 0:15:40]}
41. c6 {[%clk 0:03:41]} Kh7 42. c7 Kg6 {[%clk 0:15:17]} 43. c8=Q {[%clk
0:03:39]} Kh7 {[%clk 0:15:04]} 44. Kxa3 {[%clk 0:03:35]} Kg6 {[%clk 0:14:44]}
45. Qc2+ {[%clk 0:03:30]} f5 {[%clk 0:14:34]} 46. Rg4+ {[%clk 0:03:24]} Kf6
{[%clk 0:14:11]} 47. Be5+ {[%clk 0:03:21]} Kf7 {[%clk 0:13:52]} 48. Qc7+ {[%clk
0:03:19]} Ke8 {[%clk 0:13:32]} 49. Rxg7 {[%clk 0:03:18]} Kf8 50. Qf7# 1-0

[Event "DVM U10 2015"]
[Site "Magdeburg GER"]
[Date "2015.12.28"]
[Round "5"]
[White "Reuter, Elisa"]
[Black "Lutz, Ruben"]
[Result "1/2-1/2"]
[Termination "normal"]
[Board "3.1"]
[WhiteElo "1547"]
[BlackElo "1693"]
[WhiteTeam "SV Empor Erfurt 1"]
[BlackTeam "USV TU Dresden 1"]
[PlyCount "98"]
[WhiteFideId "12995444"]
[BlackFideId "12975974"]
[EventCountry "GER"]
[EventRounds "7"]
[EventType "team-swiss"]
[EventDate "2015.12.27"]

1. e4 e6 2. d4 d5 3. Nc3 Nf6 4. Bg5 Be7 5. e5 Nfd7 6. Bxe7 Qxe7 7. f4 a6 8. Nf3
c5 9. Bd3 Nc6 10. dxc5 Nxc5 11. O-O Nxd3 12. Qxd3 Bd7 13. Ne2 Rc8 14. c3 h6 15.
Rac1 O-O 16. Qd2 Rc7 17. Ned4 Nxd4 18. cxd4 Rfc8 19. Rxc7 Rxc7 20. Rc1 Bb5 21.
Rxc7 Qxc7 22. Qc3 Qxc3 23. bxc3 Kf8 24. Kf2 Ke7 25. Ke3 Kd7 26. Kd2 a5 27. Kc1
b6 28. Kb2 Kc6 29. Kc2 Ba6 30. g3 Kb5 31. Nd2 Ka4 32. Kb2 Kb5 33. h4 Kc6 34.
Kc1 Kd7 35. Kd1 Ke7 36. Ke1 f6 37. Kf2 Kf7 38. Kf3 Kg6 39. g4 Bb5 40. h5+ Kf7
41. Ke3 Ke7 42. Nf3 Be8 43. Nh4 Bb5 44. Nf3 Bc4 45. a3 Bb5 46. Kd2 Bf1 47. Nh2
Bb5 48. Nf3 Be8 49. Nh4 Kf7 1/2-1/2

[Event "DVM U10 2015"]
[Site "Magdeburg GER"]
[Date "2015.12.28"]
[Round "5"]
[White "Lutz, Adam"]
[Black "Kazuch, Vincent"]
[Result "0-1"]
[Termination "normal"]
[Board "3.2"]
[WhiteElo "1423"]
[BlackElo "1696"]
[WhiteTeam "USV TU Dresden 1"]
[BlackTeam "SV Empor Erfurt 1"]
[PlyCount "92"]
[WhiteFideId "16226615"]
[BlackFideId "12971480"]
[EventCountry "GER"]
[EventRounds "7"]
[EventType "team-swiss"]
[EventDate "2015.12.27"]

1. e4 e6 2. d4 d5 3. exd5 exd5 4. Bd3 Bd6 5. Nc3 c6 6. h3 Nf6 7. Nf3 O-O 8. O-O
Qc7 9. Re1 Nbd7 10. Be3 h6 11. a3 Nb6 12. Ne5 Re8 13. Nf3 Bd7 14. Re2 Nc4 15.
Bxc4 dxc4 16. Nd2 b5 17. Qe1 Bf5 18. Rc1 a6 19. Qd1 Rad8 20. Qe1 Bd3 21. cxd3
cxd3 22. Nf3 dxe2 23. Qxe2 Qb7 24. Qc2 Rc8 25. Qd3 Nd5 26. Ne4 Nf4 27. Qc2 Rxe4
28. Qxe4 Ne2+ 29. Kf1 Nxc1 30. Bxc1 Qe7 31. Qd3 c5 32. Bd2 Rd8 33. Qc2 cxd4 34.
Nxd4 Qd7 35. Nf3 Be7 36. Qc1 Bf6 37. Kg1 Rc8 38. Qb1 Qe6 39. Be3 Qb3 40. Qf5
Rd8 41. Bxh6 Qxb2 42. Bf4 Qxa3 43. Ne5 Qc5 44. Qh5 Bxe5 45. Bxe5 f6 46. Qe2
fxe5 0-1

[Event "DVM U10 2015"]
[Site "Magdeburg GER"]
[Date "2015.12.28"]
[Round "5"]
[White "Reuter, Marek"]
[Black "Nguyen, Phuong Thao Vivien"]
[Result "1-0"]
[Termination "normal"]
[Board "3.3"]
[WhiteElo "1209"]
[BlackElo "1333"]
[WhiteTeam "SV Empor Erfurt 1"]
[BlackTeam "USV TU Dresden 1"]
[PlyCount "51"]
[WhiteFideId "16226712"]
[BlackFideId "16210735"]
[EventCountry "GER"]
[EventRounds "7"]
[EventType "team-swiss"]
[EventDate "2015.12.27"]

1. e4 c5 2. Nc3 d6 3. g3 Nf6 4. Bg2 g6 5. f4 Nc6 6. d3 Bg7 7. Be3 O-O 8. Nf3
Ng4 9. Bd2 Rb8 10. h3 Nf6 11. Nh4 e6 12. O-O Nh5 13. g4 Nf6 14. f5 d5 15. Bf4
Ra8 16. Qd2 d4 17. Ne2 Re8 18. Rf2 e5 19. Bg5 Qd6 20. Raf1 Nd7 21. fxg6 fxg6
22. Bh6 Nf8 23. Bxg7 Kxg7 24. Rf7+ Kg8 25. Qh6 Ne6 26. Qxh7# 1-0

[Event "DVM U10 2015"]
[Site "Magdeburg GER"]
[Date "2015.12.28"]
[Round "5"]
[White "Günther, Fabian"]
[Black "Rajchel, Arian"]
[Result "1-0"]
[Termination "normal"]
[Board "3.4"]
[WhiteElo "1124"]
[BlackElo "1025"]
[WhiteTeam "USV TU Dresden 1"]
[BlackTeam "SV Empor Erfurt 1"]
[PlyCount "49"]
[WhiteFideId "16240294"]
[EventCountry "GER"]
[EventRounds "7"]
[EventType "team-swiss"]
[EventDate "2015.12.27"]

1. d4 d5 2. c4 e6 3. Nc3 Nf6 4. e3 Be7 5. Nf3 Nbd7 6. Bd2 O-O 7. Bd3 c5 8. Qb3
b6 9. cxd5 exd5 10. Nxd5 Bb7 11. Nxe7+ Qxe7 12. Be2 cxd4 13. Bb4 Nc5 14. Bxc5
bxc5 15. Rc1 Rac8 16. O-O Rfd8 17. Nd2 dxe3 18. Nc4 exf2+ 19. Rxf2 Bd5 20. Bf3
Bxf3 21. Qxf3 Rd4 22. Na5 Qc7 23. Nb3 Rf4 24. Qxf4 Qxf4 25. Rxf4 1-0

[Event "DVM U10 2015"]
[Site "Magdeburg GER"]
[Date "2015.12.28"]
[Round "5"]
[White "Prieb, Robert"]
[Black "Pietsch, Julius"]
[Result "1-0"]
[Termination "normal"]
[Board "4.1"]
[WhiteElo "1494"]
[BlackElo "1344"]
[WhiteTeam "SchachAkademiePaderborn 1"]
[BlackTeam "SV Roter Turm Halle 1"]
[PlyCount "141"]
[WhiteFideId "16212002"]
[BlackFideId "12985660"]
[EventCountry "GER"]
[EventRounds "7"]
[EventType "team-swiss"]
[EventDate "2015.12.27"]

1. d4 d5 2. c4 Nf6 3. cxd5 Nxd5 4. e4 Nb6 5. Nf3 e6 6. Nc3 Bb4 7. Be2 Nc6 8.
O-O O-O 9. Bf4 Bd7 10. a3 Bxc3 11. bxc3 Rc8 12. c4 Qf6 13. Be3 e5 14. d5 Ne7
15. c5 Na8 16. Rb1 Rb8 17. Qd2 c6 18. Bg5 Qg6 19. Nh4 Qxe4 20. Bxe7 Rfe8 21.
Bf3 Qc4 22. Bd6 Rbd8 23. g3 h6 24. Qb4 Qd3 25. Rfd1 Qa6 26. Qxb7 Qxa3 27. Rb3
Qa4 28. Qb4 Qa2 29. Rb2 Qa6 30. Be2 Qc8 31. Qa5 Bg4 32. Ba6 Qd7 33. f3 Bxf3 34.
Nxf3 Qg4 35. Rf1 e4 36. Ne5 Qg5 37. Nxf7 Qe3+ 38. Rbf2 Rd7 39. Ne5 Rdd8 40.
Nxc6 Rd7 41. Ne5 Rdd8 42. Bb5 Rf8 43. Bxf8 Rxf8 44. Qd2 Qxc5 45. Nd7 Rxf2 46.
Qxf2 Qxb5 47. Qf8+ Kh7 48. Qf5+ Kg8 49. Qe6+ Kh7 50. Nf8+ Kh8 51. Ng6+ Kh7 52.
Rf8 Qb6+ 53. Qxb6 Nxb6 54. Ne7 a5 55. Rb8 Nc4 56. Ra8 e3 57. Kf1 h5 58. Ke2 Kh6
59. h4 g5 60. Nf5+ Kg6 61. Nxe3 Nd6 62. Ra6 gxh4 63. Rxd6+ Kg5 64. gxh4+ Kxh4
65. Rg6 a4 66. Nc4 Kh3 67. d6 a3 68. d7 h4 69. Nxa3 Kh2 70. d8=Q Kh3 71. Qg5
1-0

[Event "DVM U10 2015"]
[Site "Magdeburg GER"]
[Date "2015.12.28"]
[Round "5"]
[White "Pietsch, Johann"]
[Black "Bornemann, Malte"]
[Result "0-1"]
[Termination "normal"]
[Board "4.2"]
[WhiteElo "1110"]
[BlackElo "1211"]
[WhiteTeam "SV Roter Turm Halle 1"]
[BlackTeam "SchachAkademiePaderborn 1"]
[PlyCount "41"]
[WhiteFideId "12987000"]
[BlackFideId "16284470"]
[EventCountry "GER"]
[EventRounds "7"]
[EventType "team-swiss"]
[EventDate "2015.12.27"]

1. e4 e6 2. d4 d5 3. e5 c5 4. c3 Qb6 5. b3 Qxb3 6. axb3 Nc6 7. Nf3 Nge7 8. dxc5
Ng6 9. Bb5 Bxc5 10. Bg5 Bd7 11. Bxc6 Bxc6 12. Nbd2 Bb6 13. O-O O-O 14. c4 Bc7
15. Re1 dxc4 16. Nxc4 h6 17. Be7 Nxe7 18. Rc1 Rfd8 19. Kh1 Ba5 20. Re2 Bxf3 21.
gxf3 {Rest nicht nachvollziehbar} 0-1

[Event "DVM U10 2015"]
[Site "Magdeburg GER"]
[Date "2015.12.28"]
[Round "5"]
[White "Yin, Haode"]
[Black "Kuppe, Eugen"]
[Result "1-0"]
[Termination "normal"]
[Board "4.3"]
[WhiteElo "1110"]
[BlackElo "933"]
[WhiteTeam "SchachAkademiePaderborn 1"]
[BlackTeam "SV Roter Turm Halle 1"]
[PlyCount "95"]
[WhiteFideId "16261348"]
[EventCountry "GER"]
[EventRounds "7"]
[EventType "team-swiss"]
[EventDate "2015.12.27"]

1. d4 d5 2. Bf4 Nc6 3. c3 Nf6 4. Nf3 e6 5. e3 Bd6 6. Bg3 Bxg3 7. hxg3 Ne4 8.
Bd3 Nf6 9. Qc2 b6 10. Nbd2 Bb7 11. O-O-O h6 12. Bb5 Qd7 13. Ne5 Qd6 14. Qa4
O-O-O 15. Bxc6 Bxc6 16. Qxc6 Qxc6 17. Nxc6 Rdf8 18. Nxa7+ Kb7 19. Nb5 Ra8 20.
Kb1 Ng4 21. Rdf1 Ra5 22. Na3 e5 23. Rh4 h5 24. Nf3 exd4 25. Nxd4 c6 26. Nf5 g6
27. Nd4 c5 28. Ne2 g5 29. Rhh1 Raa8 30. Nc2 h4 31. gxh4 gxh4 32. Nf4 Kc6 33. g3
hxg3 34. fxg3 Rxh1 35. Rxh1 Ne5 36. Rd1 Rd8 37. e4 Nf3 38. Rxd5 Rh8 39. Rh5 Rd8
40. Kc1 Re8 41. Nd3 Rxe4 42. b3 f6 43. Rf5 Ne5 44. Rxf6+ Kb5 45. a4+ Ka5 46.
Nxe5 Rxe5 47. g4 Rg5 48. Rf4 1-0

[Event "DVM U10 2015"]
[Site "Magdeburg GER"]
[Date "2015.12.28"]
[Round "5"]
[White "Adelmeyer, Nelly"]
[Black "Brinkschröder, Josh"]
[Result "0-1"]
[Termination "normal"]
[Board "4.4"]
[WhiteElo "1016"]
[BlackElo "745"]
[WhiteTeam "SV Roter Turm Halle 1"]
[BlackTeam "SchachAkademiePaderborn 1"]
[PlyCount "74"]
[WhiteFideId "16203577"]
[BlackFideId "16274903"]
[EventCountry "GER"]
[EventRounds "7"]
[EventType "team-swiss"]
[EventDate "2015.12.27"]

1. e4 e6 2. d4 d5 3. Nc3 dxe4 4. Nxe4 Nc6 5. Nf3 Nge7 6. Bb5 Bd7 7. O-O a6 8.
Ba4 b5 9. Bb3 a5 10. a4 b4 11. Nfg5 Rg8 12. d5 Ne5 13. Bf4 N5g6 14. Nxh7 Nxf4
15. Nhg5 Qb8 16. Qf3 c6 17. d6 Rh8 18. Qxf4 Nd5 19. Qxf7+ Kd8 20. Qg6 Be8 21.
Qxe6 Bd7 22. Qe5 Kc8 23. Bxd5 cxd5 24. Qxd5 Ra6 25. Qc5+ Rc6 26. Qd5 Bxd6 27.
g3 Rh5 28. Qxa5 Bc7 29. Qd5 Rxc2 30. Rfd1 Bc6 31. Qe6+ Kb7 32. b3 Qa7 33. Rd3
Bxe4 34. Qxe4+ Kb8 35. Qxb4+ Kc8 36. Re1 Qxf2+ 37. Kh1 Qg2# 0-1

[Event "DVM U10 2015"]
[Site "Magdeburg GER"]
[Date "2015.12.28"]
[Round "5"]
[White "Rosenhain, Jonathan"]
[Black "Gallasch, Jonas"]
[Result "0-1"]
[Termination "normal"]
[Board "5.1"]
[WhiteElo "1222"]
[BlackElo "1401"]
[WhiteTeam "Schachpinguine Berlin 2"]
[BlackTeam "SG Porz"]
[PlyCount "64"]
[WhiteFideId "16212169"]
[BlackFideId "16222474"]
[EventCountry "GER"]
[EventRounds "7"]
[EventType "team-swiss"]
[EventDate "2015.12.27"]

1. e4 c6 2. d4 d5 3. Nc3 dxe4 4. Nxe4 Bf5 5. Nc3 Nf6 6. Nf3 e6 7. Bc4 Bb4 8.
Bd2 Nbd7 9. a3 Nb6 10. Be2 Be7 11. O-O O-O 12. Be3 Nbd5 13. Nxd5 cxd5 14. Nh4
Bg6 15. Nxg6 hxg6 16. a4 Rc8 17. a5 a6 18. c3 Ne4 19. f3 Nd6 20. Qd3 Nc4 21. b3
Nxe3 22. Qxe3 Qc7 23. Rac1 Qxa5 24. b4 Qc7 25. Rfd1 Rfd8 26. b5 a5 27. Rd2 Bd6
28. Rdc2 Bf4 29. Qd3 Bxc1 30. Rxc1 b6 31. Kh1 e5 32. c4 dxc4 0-1